[Event "Copenhagen-ch"]
[Site "Copenhagen"]
[Date "2003.02.11"]
[Round "6"]
[White "Draeger, Michael"]
[Black "Sandbech, Ted Henrik"]
[Result "1-0"]
[WhiteElo "1568"]
[BlackElo "1519"]
[PlyCount "144"]
[EventDate "2003.02.07"]
[EventType "swiss"]
[EventRounds "9"]
[EventCountry "DEN"]
[SourceTitle "EXT 2018"]
[Source "ChessBase"]
[SourceDate "2017.10.13"]
[SourceVersion "1"]
[SourceVersionDate "2017.10.13"]
[SourceQuality "1"]

1. e4 d5 2. exd5 Qxd5 3. Nc3 Qa5 4. d4 c6 5. Bd3 Nf6 6. Bd2 Qc7 7. Nge2 Bg4 8. f3 Bh5 9. Bf4 Qd8 10. Qd2 e6 11. a3 Be7 12. g4 Bg6 13. 0-0-0 Bxd3 14. Qxd3 Nbd7 15. Rhe1 Qa5 16. Ne4 Nxe4 17. fxe4 Bg5 18. Kb1 Bxf4 19. Nxf4 0-0 20. e5 Rfd8 21. Re3 g6 22. Qe2 b5 23. h4 b4 24. axb4 Qxb4 25. Rb3 Qe7 26. g5 Rdb8 27. Qc4 Rxb3 28. Qxb3 Rb8 29. Qa4 Qb4 30. Qxb4 Rxb4 31. c3 Rb8 32. Kc2 Nb6 33. b3 Rb7 34. c4 Kf8 35. c5 Nd5 36. Nxd5 exd5 37. Rf1 Ke7 38. Rf6 Rc7 39. b4 Rc8 40. Kb3 Rc7 41. Ka4 Kd8 42. Ka5 Kc8 43. Ka6 Kb8 44. b5 cxb5 45. Kxb5 Kc8 46. Rd6 Rb7+ 47. Ka6 Rb2 48. Kxa7 Kc7 49. Ka6 Rh2 50. Rxd5 Rxh4 51. Rd6 Rf4 52. e6 fxe6 53. Rxe6 Rxd4 54. Kb5 Kd7 55. Rf6 Rh4 56. c6+ Kc7 57. Rf7+ Kc8 58. Kb6 Rb4+ 59. Kc5 Rh4 60. Re7 Rh1 61. Kd6 Rh2 62. Rc7+ Kd8 63. Rd7+ Kc8 64. Ke6 Rc2 65. Rxh7 Rxc6+ 66. Kf7 Kd7 67. Rg7 Kd8 68. Rg8+ Kd7 69. Rxg6 Rc1 70. Rf6 Kd8 71. g6 Rc7+ 72. Kf8 Rf7+ 1-0

[Event "Copenhagen-ch"]
[Site "Copenhagen"]
[Date "2003.02.08"]
[Round "2"]
[White "Draeger, Michael"]
[Black "Zachariassen, John"]
[Result "1-0"]
[WhiteElo "1568"]
[BlackElo "1856"]
[PlyCount "87"]
[EventDate "2003.02.07"]
[EventType "swiss"]
[EventRounds "9"]
[EventCountry "DEN"]
[SourceTitle "EXT 2018"]
[Source "ChessBase"]
[SourceDate "2017.10.13"]
[SourceVersion "1"]
[SourceVersionDate "2017.10.13"]
[SourceQuality "1"]

1. e4 c5 2. Nf3 d6 3. d4 cxd4 4. Nxd4 Nf6 5. Nc3 g6 6. Be2 Bg7 7. Be3 Nbd7 8. h3 a6 9. Qd2 h6 10. f4 b5 11. Nc6 Qc7 12. Bf3 Bb7 13. Nb4 Rc8 14. 0-0-0 Nb6 15. Bd4 Nc4 16. Qe2 e5 17. Ncd5 Nxd5 18. exd5 0-0 19. Bc3 Rfe8 20. Qd3 f5 21. fxe5 Nxe5 22. Bxe5 Bxe5 23. Nc6 Bf6 24. Rhe1 Qg7 25. c3 Bh4 26. Rxe8+ Rxe8 27. Nd4 Rc8 28. Kb1 Qe5 29. Nc6 Qf4 30. Qe2 Rc7 31. Qe8+ Kg7 32. Nd4 Bc8 33. Qxc8 Rxc8 34. Ne6+ Kf6 35. Nxf4 Bg3 36. Ne2 Be5 37. g4 f4 38. h4 a5 39. Nd4 b4 40. cxb4 axb4 41. Nc6 b3 42. axb3 h5 43. g5+ Kf5 44. Ne7# 1-0